Missing Word: Weather in Every Category Quiz Stats

 Plays Quiz Updated Feb 11, 2020

Support Sporcle.
Go Orange.
Score 0/15 Timer 02:00
0 Plays Today
Hint Missing Word % Correct
Baby, It's _____ OutsideCold
94.6%
Operation Desert _____Storm
90.4%
Associate's _____, Bachelor's _____, Master's _____Degree
87.8%
Thor, God of _____ Thunder
86.2%
Keep _____ and Carry On Calm
75.1%
_____ HeightsWuthering
69%
_____ in ClevelandHot
67.8%
Tampa Bay _____ (NHL)Lightning
63.3%
Hint Missing Word % Correct
Play _____ for MeMisty
58.9%
Don't Break the _____ Ice
48.4%
Beaufort _____ ScaleWind
46.4%
What Did the _____ Say to the Sports Car?
Want to Go For a Spin?
Tornado
44.1%
_____ (Hey Oh)Snow
41.2%
_____ Gate (The Bean), ChicagoCloud
39.5%
Finian's _____Rainbow
37.3%

Today's Daily Dose

Quick Pick
'P' Beverages

Get the Picture
Fictional Counts

You're not logged in!

Compare scores with friends on all Sporcle quizzes.
OR
Log In

From the Vault

Remove Ads.
Support Sporcle.
Get the best of Sporcle when you Go Orange. This ad-free experience offers more features, more stats, and more fun while also helping to support Sporcle. Thank you for becoming a member.

Show Comments

Extras

Top Quizzes Today


Score Distribution

Your Account Isn't Verified!

In order to create a playlist on Sporcle, you need to verify the email address you used during registration. Go to your Sporcle Settings to finish the process.

Report this User

Report this user for behavior that violates our Community Guidelines.

Details: